Participatory irrigation management (PIM) - Bihar model (Record no. 58587)

000 -LEADER
fixed length control field 01195pab a2200181 454500
008 - FIXED-LENGTH DATA ELEMENTS--GENERAL INFORMATION
fixed length control field 180718b2003 xxu||||| |||| 00| 0 eng d
100 ## - MAIN ENTRY--PERSONAL NAME
Personal name Jayashankar, V.
245 ## - TITLE STATEMENT
Title Participatory irrigation management (PIM) - Bihar model
260 ## - PUBLICATION, DISTRIBUTION, ETC.
Date of publication, distribution, etc. 2003
300 ## - PHYSICAL DESCRIPTION
Extent p.449-457.
362 ## - DATES OF PUBLICATION AND/OR SEQUENTIAL DESIGNATION
Dates of publication and/or sequential designation Jul-Sep
520 ## - SUMMARY, ETC.
Summary, etc. Certain inadequacies are common to all India states in the irrigation management system. The canal systems have deteriorated due to poor management, irrigation potential is grossly underutilised, there is utter inequality in water distribution and poor quality of service to formers coupled with under-realisation of water charges. This has been the legacy of traditional government oriented institutional setup with nominal user participation. In the last decade, several states have tried to induct a qualitative change in the irrigation management. This article discusses the steps taken by Bihar government towards strengthening Participatory Irrigation Management and highlights the achievements of this model. - Reproduced.
650 ## - SUBJECT ADDED ENTRY--TOPICAL TERM
Topical term or geographic name entry element Irrigation - India - Bihar
650 ## - SUBJECT ADDED ENTRY--TOPICAL TERM
Topical term or geographic name entry element Irrigation
773 ## - HOST ITEM ENTRY
Main entry heading Indian Journal of Public Administration
908 ## - PUT COMMAND PARAMETER (RLIN)
Put command parameter N
909 ## -
-- 58587
Holdings
Withdrawn status Lost status Damaged status Not for loan Permanent Location Current Location Date acquired Serial Enumeration / chronology Barcode Date last seen Price effective from Koha item type
        Indian Institute of Public Administration Indian Institute of Public Administration 2018-07-19 Volume no: 49, Issue no: 3 AR59032 2018-07-19 2018-07-19 Articles

Powered by Koha